Nhân sâm và ung thư /
Guardado en:
| Autor principal: | |
|---|---|
| Otros Autores: | |
| Formato: | Artículo |
| Lenguaje: | Vietnamese |
| Materias: | |
| Etiquetas: |
Agregar Etiqueta
Sin Etiquetas, Sea el primero en etiquetar este registro!
|
| Thư viện lưu trữ: | Thư viện Trường Đại học Đà Lạt |
|---|
| LEADER | 00847nam a2200301 4500 | ||
|---|---|---|---|
| 001 | DLU100105271 | ||
| 005 | ##20100325 | ||
| 040 | # | # | |a DLU |b vie |
| 041 | # | # | |a vie |
| 044 | # | # | |a vn |
| 100 | # | # | |a Trần Việt Hưng, |c DS. |
| 245 | # | # | |a Nhân sâm và ung thư / |c Trần Việt Hưng, Võ Duy Huấn. |
| 653 | # | # | |a Cây thuốc |
| 653 | # | # | |a Dược liệu |
| 653 | # | # | |a Nghiên cứu khoa học |
| 653 | # | # | |a Thí nghiệm |
| 653 | # | # | |a Trị liệu |
| 700 | # | # | |a Võ Duy Huấn. |
| 773 | # | # | |t Thuốc và sức khỏe |g Số2(348-349), 2008, tr. 36-37 |
| 920 | # | # | |a Phòng Tạp chí -- Trung tâm Thông tin - Thư viện Trường Đại học Đà Lạt |
| 994 | # | # | |a DLU |
| 900 | # | # | |a True |
| 911 | # | # | |a Nguyễn Thị Linh Chi |
| 925 | # | # | |a G |
| 926 | # | # | |a A |
| 927 | # | # | |a BB |
| 980 | # | # | |a Thư viện Trường Đại học Đà Lạt |